[Event "Mlada Boleslav Region-ch U20"]
[Site "Mlada Boleslav"]
[Date "2012.06.24"]
[Round "5"]
[White "Bazantova, Viktorie"]
[Black "Mayrhofer, Matyas"]
[Result "0-1"]
[WhiteElo "1000"]
[BlackElo "1250"]
[PlyCount "94"]
[EventDate "2012.06.23"]
[EventType "swiss"]
[EventRounds "7"]
[EventCountry "CZE"]
[SourceTitle "EXT 2014"]
[Source "ChessBase"]
[SourceDate "2013.11.20"]
[SourceVersion "1"]
[SourceVersionDate "2013.11.20"]
[SourceQuality "1"]

1. d4 Nc6 2. Nf3 Nf6 3. e3 e6 4. Ne5 Nxe5 5. dxe5 Ne4 6. Bd3 d5 7. Bxe4 Bb4+ 8. c3 Be7 9. Bf3 0-0 10. 0-0 Bg5 11. b3 Bh4 12. c4 Qg5 13. g3 dxc4 14. bxc4 Qxe5 15. Ba3 c5 16. Nd2 Qg5 17. g4 e5 18. Ne4 Qg6 19. Bxc5 Re8 20. Nd6 Rd8 21. Be2 e4 22. Ba3 a5 23. f3 exf3 24. Bxf3 a4 25. Qd2 Bxg4 26. Kg2 Bxf3+ 27. Kxf3 h6 28. Rfd1 Qh5+ 29. Ke4 Qg6+ 30. Kd5 Ra6 31. c5 Be7 32. Qb4 Bf6 33. Qxb7 Qf5+ 34. Kc4 Qe6+ 35. Kb5 Raa8 36. c6 Rab8 37. Qb6 Rxb6+ 38. Kxb6 Bxa1 39. Rxa1 Qxe3+ 40. Kb7 Qxa3 41. c7 Qb4+ 42. Kc6 Qxd6+ 43. Kb7 Qd7 44. Rc1 f5 45. Kb6 Rf8 46. Rc4 f4 47. Kb7 f3 0-1

[Event "Mlada Boleslav Region-ch U20"]
[Site "Mlada Boleslav"]
[Date "2012.06.24"]
[Round "7"]
[White "Jezek, Stanislav1111"]
[Black "Bazantova, Viktorie"]
[Result "1/2-1/2"]
[WhiteElo "1000"]
[BlackElo "1000"]
[PlyCount "119"]
[EventDate "2012.06.23"]
[EventType "swiss"]
[EventRounds "7"]
[EventCountry "CZE"]
[SourceTitle "EXT 2014"]
[Source "ChessBase"]
[SourceDate "2013.11.20"]
[SourceVersion "1"]
[SourceVersionDate "2013.11.20"]
[SourceQuality "1"]

1. e4 c6 2. d4 d5 3. exd5 cxd5 4. Bb5+ Bd7 5. Bxd7+ Nxd7 6. Nf3 Ngf6 7. 0-0 g6 8. Bg5 Bg7 9. Bxf6 Bxf6 10. Nc3 Nb6 11. Qd3 0-0 12. Ne5 a5 13. Nb5 e6 14. Qc3 Rc8 15. Qxa5 Rxc2 16. Rab1 Bg5 17. Nd3 Nc4 18. Qxd8 Rxd8 19. Nc5 Nd2 20. Rbc1 Rxc1 21. Rxc1 Nf3+ 22. gxf3 Bxc1 23. Nxb7 Ra8 24. Nc3 Bxb2 25. Nb5 Rxa2 26. N7d6 f6 27. Ne8 Ra1+ 28. Kg2 e5 29. Nxf6+ Kg7 30. Ne8+ Kf8 31. Nbd6 Ke7 32. dxe5 Bxe5 33. Nc4 Bf4 34. Nc7 Bxc7 35. Nd2 h5 36. Nb3 Ra2 37. Nc1 Rc2 38. Nb3 Bb6 39. Na1 Rxf2+ 40. Kg3 g5 41. h4 gxh4+ 42. Kxh4 Rxf3 43. Kxh5 Kf6 44. Kg4 Ra3 45. Nc2 Ra4+ 46. Kf3 Kf5 47. Ne3+ Ke5 48. Ng4+ Kf5 49. Ne3+ Ke6 50. Ng4 Bc7 51. Ne3 Rf4+ 52. Kg3 Rf1+ 53. Kg4 Rf4+ 54. Kg3 Ke5 55. Ng4+ Kf5 56. Ne3+ Kg5 57. Nxd5 Rc4+ 58. Kf3 Kf5 59. Ne3+ Ke6 60. Nxc4 1/2-1/2

[Event "Mlada Boleslav Region-ch U20"]
[Site "Mlada Boleslav"]
[Date "2012.06.23"]
[Round "2"]
[White "Kucera, Adam Thomas"]
[Black "Bazantova, Viktorie"]
[Result "1-0"]
[WhiteElo "1100"]
[BlackElo "1000"]
[PlyCount "71"]
[EventDate "2012.06.23"]
[EventType "swiss"]
[EventRounds "7"]
[EventCountry "CZE"]
[SourceTitle "EXT 2014"]
[Source "ChessBase"]
[SourceDate "2013.11.20"]
[SourceVersion "1"]
[SourceVersionDate "2013.11.20"]
[SourceQuality "1"]

1. e4 c6 2. d4 d5 3. exd5 cxd5 4. Nf3 Nc6 5. Nc3 Be6 6. Bd3 g6 7. Ng5 Bg7 8. Nxe6 fxe6 9. 0-0 Nxd4 10. Re1 Nf6 11. Be3 Nf5 12. g4 Nxe3 13. Rxe3 Bh6 14. Rxe6 0-0 15. h4 g5 16. Qf3 gxh4 17. Rae1 Kf7 18. Rxe7+ Qxe7 19. Rxe7+ Kxe7 20. Qe2+ Kf7 21. Nxd5 Nxd5 22. Bc4 Rfd8 23. Qf3+ Ke6 24. Qe4+ Kf6 25. Bxd5 Rh8 26. Qe6+ Kg5 27. f4+ Kxf4 28. Qxh6+ Kxg4 29. Qg7+ Kf4 30. Qh6+ Ke5 31. Qh5+ Kd4 32. c3+ Kc5 33. Bxb7+ Kc4 34. Bxa8 Rg8+ 35. Bg2 Kd3 36. Qxh7+ 1-0